01639nam a2200301 u 4500001000800000005001700008008004100025020001500066035001200081035002100093040001300114041000800127082000800135100003400143245015200177260004600329300003800375490002700413505052800440505014400968650002901112650002701141650002701168650004401195650003801239650003001277650003001307110710620260507084313.0081003s2005 spa  a8436819985 a1107106 a(OCoLC)777017175 ccomduadb aspa 4a15510aCaballo, Vicente E.4auteaut10aManual para la evaluación clínica de los trastornos psicológicos : estrategias de evaluación, problemas infantiles y trastornos de ansiedad aBarcelona :bEdiciones Pirámide,c2005. a570 páginas +e1 disco compacto0 aColección Psicologia aCONTENIDO : Prólogo. -- PARTE PRIMERA: Estrategias de evaluación. -- PARTE SEGUNDA: Habilidades del entrevistador clínico. -- PARTE TERCERA: Evaluación de capacidades básicas. -- PARTE CUARTA: Evaluación de los trastornos de inicio en la infancia, la niñez o la adolescencia. -- PARTE QUINTA: Evaluación de otros trastornos de inicio en la infancia, la niñez o la adolescencia. -- PARTE SEXTA: Evaluación de los trastornos de ansiedad en la infancia y en la edad adulta. -- Referencias bibliográficas.80tManual para la evaluacion clinica de los trastornos psicologicos : estrategias de evaluacion, problemas infantiles y trastornos de ansiedad 7aTrastornos mentales2dcs aEvaluación clínica 7aPsicopatología2lemb 7aTrastornos mentalesxDiagnóstico2dcs aPsicología clinica - Evaluacion 7aPsicodiagnóstico2embne 7aPsicodiagnóstico2embne